[Event "Douglas IoM op"]
[Site "Douglas"]
[Date "2018.10.25"]
[Round "6"]
[White "Bellaiche, Antony"]
[Black "Heinemann, Josefine"]
[Result "1-0"]
[WhiteElo "2453"]
[BlackElo "2308"]
[PlyCount "65"]
[EventDate "2018.10.20"]
[EventType "swiss"]
[EventRounds "9"]
[EventCountry "ENG"]
[SourceTitle "CBM 187"]
[Source "ChessBase"]
[SourceDate "2018.12.11"]
[SourceVersion "1"]
[SourceVersionDate "2018.12.11"]
[SourceQuality "1"]

1. Nf3 Nf6 2. c4 c5 3. Nc3 d5 4. cxd5 Nxd5 5. d4 Nxc3 6. bxc3 g6 7. e3 Bg7 8. Bb5+ Nd7 9. 0-0 0-0 10. a4 Qc7 11. Ba3 b6 12. Rc1 Nf6 13. a5 Rd8 14. Ne5 Bd7 15. Nxd7 Nxd7 16. Qa4 Rac8 17. Ba6 Rb8 18. Rfd1 e6 19. g3 h5 20. Bf1 Nf6 21. Qb5 Bf8 22. a6 Bd6 23. Bg2 h4 24. dxc5 bxc5 25. Qc6 hxg3 26. hxg3 Rb6 27. Qxc7 Bxc7 28. Bb7 Rxd1+ 29. Rxd1 Rb5 30. c4 Ra5 31. Bb2 Ne8 32. Rd7 Ra4 33. Re7 1-0

[Event "Douglas IoM op"]
[Site "Douglas"]
[Date "2018.10.24"]
[Round "5"]
[White "Wu, Li"]
[Black "Bellaiche, Antony"]
[Result "0-1"]
[WhiteElo "2335"]
[BlackElo "2453"]
[PlyCount "64"]
[EventDate "2018.10.20"]
[EventType "swiss"]
[EventRounds "9"]
[EventCountry "ENG"]
[SourceTitle "CBM 187"]
[Source "ChessBase"]
[SourceDate "2018.12.11"]
[SourceVersion "1"]
[SourceVersionDate "2018.12.11"]
[SourceQuality "1"]

1. e4 c5 2. Nf3 e6 3. d3 Nc6 4. g3 Nge7 5. Bg2 g6 6. 0-0 Bg7 7. Re1 d6 8. c3 e5 9. a3 0-0 10. b4 h6 11. Bb2 a6 12. Nbd2 Rb8 13. Rb1 Be6 14. d4 cxd4 15. cxd4 exd4 16. Nb3 Bxb3 17. Qxb3 b5 18. Rbd1 Qb6 19. Qa2 a5 20. bxa5 Qxa5 21. Qa1 b4 22. Nxd4 Nxd4 23. Bxd4 Bxd4 24. Qxd4 bxa3 25. e5 Nf5 26. Qa1 dxe5 27. Rxe5 Qa7 28. Re2 Rfd8 29. Rxd8+ Rxd8 30. Ra2 Ne3 31. fxe3 Qxe3+ 32. Kf1 Rc8 0-1

[Event "Titled Tuesday intern op 4th Sept"]
[Site "Chess.com INT"]
[Date "2018.09.04"]
[Round "3"]
[White "Bellaiche, Antony"]
[Black "Willow, Jonah B"]
[Result "0-1"]
[WhiteElo "2453"]
[BlackElo "2271"]
[PlyCount "88"]
[EventDate "2018.09.04"]
[EventType "swiss (blitz)"]
[EventRounds "10"]
[EventCountry "USA"]
[SourceTitle "EXT 2021"]
[Source "ChessBase"]
[SourceDate "2020.10.23"]
[SourceVersion "1"]
[SourceVersionDate "2020.10.23"]
[SourceQuality "1"]

1. d4 Nf6 2. c4 e6 3. Nc3 c5 4. d5 exd5 5. cxd5 d6 6. e4 g6 7. f4 Bg7 8. Bb5+ Nfd7 9. Bd3 Qh4+ 10. g3 Qe7 11. Nf3 0-0 12. 0-0 Nb6 13. f5 N8d7 14. Bg5 Bf6 15. Qd2 Bxg5 16. Nxg5 Ne5 17. f6 Qd8 18. Be2 Nbd7 19. Qf4 h6 20. Nf3 Nxf3+ 21. Rxf3 Ne5 22. Rf2 Kh7 23. h4 h5 24. Nd1 Bg4 25. Ne3 Bxe2 26. Rxe2 Qd7 27. Kg2 Rae8 28. Nf5 Ng4 29. Nxd6 Re5 30. Nc4 Ree8 31. Rd1 b5 32. Ne3 Ne5 33. Nf5 Ng4 34. Nd6 Qd8 35. Nxb5 Qb6 36. Nc3 Re5 37. d6 Rd8 38. Red2 Re6 39. d7 Rxf6 40. Qg5 Rxd7 41. Rxd7 Qxb2+ 42. R1d2 Qxc3 43. R7d3 Qc4 44. Qxc5 Qxc5 0-1

[Event "Titled Tuesday intern op 4th Sept"]
[Site "Chess.com INT"]
[Date "2018.09.04"]
[Round "4"]
[White "Roberson, Peter T"]
[Black "Bellaiche, Antony"]
[Result "1-0"]
[WhiteElo "2396"]
[BlackElo "2453"]
[PlyCount "95"]
[EventDate "2018.09.04"]
[EventType "swiss (blitz)"]
[EventRounds "10"]
[EventCountry "USA"]
[SourceTitle "EXT 2021"]
[Source "ChessBase"]
[SourceDate "2020.10.23"]
[SourceVersion "1"]
[SourceVersionDate "2020.10.23"]
[SourceQuality "1"]

1. e4 c5 2. c3 d5 3. exd5 Qxd5 4. d4 Nf6 5. Nf3 e6 6. Be3 cxd4 7. cxd4 Nc6 8. a3 Be7 9. Nc3 Qd6 10. Bd3 0-0 11. 0-0 b6 12. Qe2 Bb7 13. Rad1 Rad8 14. Bb1 Qb8 15. Rfe1 Rfe8 16. Bg5 g6 17. Ba2 Nh5 18. Be3 Bf8 19. d5 exd5 20. Nxd5 Ne5 21. Bg5 Ng4 22. Bxd8 Rxe2 23. Rxe2 Bxd5 24. Bxd5 Kg7 25. Bg5 Bc5 26. h3 Nxf2 27. Rxf2 Qg3 28. Rdd2 Nf4 29. Bxf4 Qxf4 30. Kh1 Bxf2 31. Rxf2 Qc1+ 32. Ng1 Qc5 33. Rd2 Qe3 34. Rd1 a5 35. Bf3 f5 36. Ne2 g5 37. Nc3 Kg6 38. Rd6+ Kg7 39. Rd7+ Kf8 40. Nd5 Qc1+ 41. Kh2 Qxb2 42. Rxh7 Qe5+ 43. Kh1 g4 44. hxg4 fxg4 45. Nxb6 gxf3 46. Nd7+ Kg8 47. Nxe5 f2 48. Rf7 1-0

[Event "FRA-chT Top 12"]
[Site "Brest"]
[Date "2018.05.30"]
[Round "5"]
[White "Vernay, Clovis"]
[Black "Bellaiche, Antony"]
[Result "1-0"]
[WhiteElo "2513"]
[BlackElo "2459"]
[PlyCount "95"]
[EventDate "2018.05.26"]
[EventType "team-tourn"]
[EventRounds "11"]
[EventCountry "FRA"]
[SourceTitle "EXT 2019"]
[Source "ChessBase"]
[SourceDate "2018.10.10"]
[SourceVersion "1"]
[SourceVersionDate "2018.10.10"]
[SourceQuality "1"]
[WhiteTeam "Bois Colombes"]
[BlackTeam "Tremblay en France"]
[WhiteTeamCountry "FRA"]
[BlackTeamCountry "FRA"]

1. d4 d5 2. c4 c6 3. e3 Nf6 4. Nf3 Bf5 5. Bd3 Bxd3 6. Qxd3 e6 7. Nc3 Nbd7 8. 0-0 Be7 9. e4 dxe4 10. Nxe4 Nxe4 11. Qxe4 0-0 12. Bf4 Re8 13. h3 Nf8 14. Rfd1 Qa5 15. Bd2 Qa6 16. Rdc1 Rad8 17. a4 f5 18. Qe3 c5 19. dxc5 Bf6 20. Bc3 e5 21. b4 e4 22. b5 Qe6 23. Ne1 Bxc3 24. Qxc3 Nd7 25. c6 bxc6 26. c5 Rb8 27. Rab1 Rec8 28. Nc2 cxb5 29. Nd4 Qg6 30. c6 Ne5 31. Rxb5 Rxb5 32. axb5 f4 33. Qb3+ Kh8 34. Qe6 Qxe6 35. Nxe6 e3 36. fxe3 fxe3 37. Rc3 Kg8 38. Rxe3 Nxc6 39. bxc6 Rxc6 40. Nd4 Rc4 41. Nf5 Rc1+ 42. Kf2 g6 43. Nd6 Rc6 44. Ne4 a5 45. Ra3 Rc4 46. Ke3 a4 47. Nc3 g5 48. Kd3 1-0

[Event "EU-ch 19th"]
[Site "Batumi"]
[Date "2018.03.26"]
[Round "9"]
[White "Kacharava, Nikoloz"]
[Black "Bellaiche, Antony"]
[Result "1/2-1/2"]
[WhiteElo "2362"]
[BlackElo "2485"]
[PlyCount "64"]
[EventDate "2018.03.17"]
[EventType "swiss"]
[EventRounds "11"]
[EventCountry "GEO"]
[SourceTitle "CBM 184"]
[Source "ChessBase"]
[SourceDate "2018.05.16"]
[SourceVersion "1"]
[SourceVersionDate "2018.05.16"]
[SourceQuality "1"]

1. e4 c5 2. Nf3 e6 3. d4 cxd4 4. Nxd4 Nc6 5. Nc3 Qc7 6. Be3 a6 7. Qf3 Ne5 8. Qg3 b5 9. 0-0-0 Nf6 10. f4 Neg4 11. Bg1 h5 12. e5 b4 13. Na4 Nd5 14. h3 Nh6 15. Bd3 Bb7 16. f5 Be7 17. Be4 0-0 18. Qf3 Rac8 19. Kb1 Nxf5 20. Nxf5 exf5 21. Qxf5 g6 22. Qf3 Bc6 23. Nc5 Bxc5 24. Bxc5 Nc3+ 25. bxc3 Bxe4 26. Qxe4 Qxc5 27. cxb4 Rb8 28. a3 a5 29. Rd6 axb4 30. Rxg6+ fxg6 31. Qxg6+ Kh8 32. Qh6+ Kg8 1/2-1/2

[Event "EU-ch 19th"]
[Site "Batumi"]
[Date "2018.03.18"]
[Round "2"]
[White "Bellaiche, Antony"]
[Black "Gajewski, Grzegorz"]
[Result "1/2-1/2"]
[WhiteElo "2485"]
[BlackElo "2588"]
[PlyCount "40"]
[EventDate "2018.03.17"]
[EventType "swiss"]
[EventRounds "11"]
[EventCountry "GEO"]
[SourceTitle "CBM 184"]
[Source "ChessBase"]
[SourceDate "2018.05.16"]
[SourceVersion "1"]
[SourceVersionDate "2018.05.16"]
[SourceQuality "1"]

1. d4 Nf6 2. c4 e6 3. Nc3 Bb4 4. Qc2 d5 5. cxd5 exd5 6. Bg5 h6 7. Bh4 0-0 8. e3 Be6 9. Nf3 Nbd7 10. Be2 Rc8 11. 0-0 c5 12. Rac1 Qa5 13. dxc5 Bxc3 14. Qxc3 Qxc3 15. Rxc3 Ne4 16. Rcc1 g5 17. Bg3 Nxg3 18. hxg3 Nxc5 19. Nd4 Ne4 20. Bd3 Kg7 1/2-1/2

[Event "EU-ch 19th"]
[Site "Batumi"]
[Date "2018.03.17"]
[Round "1"]
[White "Tskipurishvili, Davit"]
[Black "Bellaiche, Antony"]
[Result "0-1"]
[WhiteElo "1710"]
[BlackElo "2485"]
[PlyCount "77"]
[EventDate "2018.03.17"]
[EventType "swiss"]
[EventRounds "11"]
[EventCountry "GEO"]
[SourceTitle "CBM 184"]
[Source "ChessBase"]
[SourceDate "2018.05.16"]
[SourceVersion "1"]
[SourceVersionDate "2018.05.16"]
[SourceQuality "1"]

1. d4 d5 2. Nf3 Nf6 3. c4 c6 4. Nc3 e6 5. cxd5 exd5 6. Bg5 Be7 7. e3 Bf5 8. Bd3 Bxd3 9. Qxd3 Nbd7 10. 0-0 0-0 11. Bxf6 Nxf6 12. Rab1 a5 13. a3 Bd6 14. b4 axb4 15. axb4 b5 16. Qc2 Qe7 17. Qb2 Nd7 18. Rfe1 f5 19. Ne2 Nb6 20. Nd2 Ra4 21. Qc2 Bxb4 22. Qxc6 Bxd2 23. Red1 Ba5 24. Qc5 Qd7 25. Qxb5 Qxb5 26. Rxb5 g5 27. h3 Ra2 28. Rdb1 Nc4 29. Nc1 Rc2 30. Nb3 Na3 31. Nxa5 Nxb1 32. Rxb1 Rfc8 33. Rb5 Ra2 34. Rxd5 Rc1+ 35. Kh2 Rxf2 36. Rd8+ Kf7 37. Rd7+ Ke6 38. Nb3 Rcc2 39. Nc5+ 0-1

[Event "Moscow Aeroflot op-A 17th"]
[Site "Moscow"]
[Date "2018.02.26"]
[Round "7"]
[White "Bellaiche, Antony"]
[Black "Belyakov, Bogdan"]
[Result "0-1"]
[WhiteElo "2485"]
[BlackElo "2486"]
[PlyCount "72"]
[EventDate "2018.02.20"]
[EventType "swiss"]
[EventRounds "9"]
[EventCountry "RUS"]
[SourceTitle "CBM 183 Extra"]
[Source "ChessBase"]
[SourceDate "2018.04.19"]
[SourceVersion "1"]
[SourceVersionDate "2018.04.19"]
[SourceQuality "1"]

1. d4 Nf6 2. c4 g6 3. Nc3 Bg7 4. e4 d6 5. Nf3 0-0 6. Be2 e5 7. 0-0 Nc6 8. d5 Ne7 9. Nd2 a5 10. Rb1 Nd7 11. a3 f5 12. b4 axb4 13. axb4 Kh8 14. Qc2 Nf6 15. f3 Nh5 16. c5 Nf4 17. Nc4 Ng8 18. Be3 Nf6 19. Kh1 N6h5 20. cxd6 cxd6 21. g3 Nxe2 22. Qxe2 fxe4 23. Nxe4 Bf5 24. Rbc1 b5 25. Na5 Qd7 26. Nf2 e4 27. fxe4 Bh3 28. Rg1 Rxf2 29. Bxf2 Bg4 30. Qe3 Rf8 31. h3 Bxh3 32. Be1 Bg4 33. Bc3 Bf3+ 34. Kh2 Qg4 35. Rcf1 Nf4 36. Bxg7+ Kxg7 0-1

[Event "Moscow Aeroflot op-A 17th"]
[Site "Moscow"]
[Date "2018.02.22"]
[Round "3"]
[White "Bellaiche, Antony"]
[Black "Narayanan, Sunilduth Lyna"]
[Result "0-1"]
[WhiteElo "2485"]
[BlackElo "2573"]
[PlyCount "76"]
[EventDate "2018.02.20"]
[EventType "swiss"]
[EventRounds "9"]
[EventCountry "RUS"]
[SourceTitle "CBM 183 Extra"]
[Source "ChessBase"]
[SourceDate "2018.04.19"]
[SourceVersion "1"]
[SourceVersionDate "2018.04.19"]
[SourceQuality "1"]

1. d4 Nf6 2. c4 g6 3. Nc3 d5 4. cxd5 Nxd5 5. e4 Nxc3 6. bxc3 Bg7 7. Nf3 c5 8. Be3 Qa5 9. Qd2 0-0 10. Rc1 Nd7 11. d5 Nf6 12. e5 Nd7 13. Bh6 Nxe5 14. Nxe5 Bxe5 15. Bxf8 Kxf8 16. f4 Bf6 17. Be2 Bf5 18. 0-0 Rd8 19. Bf3 c4 20. Kh1 e6 21. Qb2 exd5 22. Qxb7 Qc5 23. Rfe1 Bd3 24. a4 a5 25. Qb5 Qxb5 26. axb5 a4 27. Be2 Bxe2 28. Rxe2 Rb8 29. Rb1 Bxc3 30. Ra2 Ke7 31. b6 Kd6 32. g3 Kc5 33. Rxa4 Rxb6 34. Rxb6 Kxb6 35. Kg2 Kb5 36. Ra7 Ba5 37. Kf3 c3 38. Rb7+ Kc4 0-1

[Event "London Classic op"]
[Site "London"]
[Date "2017.12.09"]
[Round "9"]
[White "Bellaiche, Antony"]
[Black "Kwon, Sehyun"]
[Result "1-0"]
[WhiteElo "2499"]
[BlackElo "2117"]
[PlyCount "117"]
[EventDate "2017.12.02"]
[EventType "swiss"]
[EventRounds "9"]
[EventCountry "ENG"]
[SourceTitle "CBM 182 Extra"]
[Source "ChessBase"]
[SourceDate "2018.02.23"]
[SourceVersion "1"]
[SourceVersionDate "2018.02.23"]
[SourceQuality "1"]

1. d4 Nf6 2. c4 e6 3. Nc3 Bb4 4. e3 0-0 5. Bd3 d5 6. Nf3 c5 7. 0-0 cxd4 8. exd4 dxc4 9. Bxc4 b6 10. Bg5 Bb7 11. Rc1 Nc6 12. a3 Be7 13. Ba2 h6 14. Be3 Bd6 15. Bb1 Ne7 16. Ne5 Ned5 17. Nxd5 Bxd5 18. f3 Bb7 19. Bf4 Nh5 20. Qc2 f5 21. Be3 Nf6 22. Ba2 Bd5 23. Nc4 b5 24. Nxd6 Qxd6 25. Bb1 Bc4 26. Rfe1 Rfc8 27. Qd2 Nd5 28. Bf2 Qf4 29. Qa5 Qc7 30. Qa6 Qd7 31. Qxe6+ Qxe6 32. Rxe6 Nf4 33. Ree1 Ne2+ 34. Rxe2 Bxe2 35. Re1 Bc4 36. Bxf5 Re8 37. Be4 Rac8 38. d5 Red8 39. Bf5 Rc7 40. Bg3 Rc5 41. Bf2 Rc7 42. d6 Rf7 43. Bc2 Rxd6 44. Re8+ Rf8 45. Rxf8+ Kxf8 46. Bc5 Ke7 47. b4 Ke6 48. Bxd6 Kxd6 49. Kf2 Kd5 50. Ke3 Bf1 51. Bb3+ Bc4 52. Bxc4+ Kxc4 53. h4 Kb3 54. Kd3 Kxa3 55. Kc3 Ka4 56. h5 a5 57. g4 axb4+ 58. Kb2 Ka5 59. f4 1-0

[Event "London Classic op"]
[Site "London"]
[Date "2017.12.07"]
[Round "7"]
[White "Munguntuul, Batkhuyag"]
[Black "Bellaiche, Antony"]
[Result "1-0"]
[WhiteElo "2397"]
[BlackElo "2499"]
[PlyCount "103"]
[EventDate "2017.12.02"]
[EventType "swiss"]
[EventRounds "9"]
[EventCountry "ENG"]
[SourceTitle "CBM 182 Extra"]
[Source "ChessBase"]
[SourceDate "2018.02.23"]
[SourceVersion "1"]
[SourceVersionDate "2018.02.23"]
[SourceQuality "1"]

1. e4 c5 2. Nf3 e6 3. d4 cxd4 4. Nxd4 Nc6 5. Nc3 Qc7 6. Be3 a6 7. Be2 Nf6 8. 0-0 d6 9. f4 Be7 10. Kh1 0-0 11. Qe1 Nxd4 12. Bxd4 b5 13. a3 Bb7 14. Qg3 Rad8 15. Bd3 Rd7 16. Rae1 Re8 17. a4 b4 18. Na2 Qa5 19. b3 Bd8 20. Qf2 d5 21. Bxf6 gxf6 22. f5 e5 23. Qh4 Kh8 24. exd5 Qxd5 25. Re4 a5 26. Nc1 Rg8 27. Ne2 Qc5 28. Rg4 Rxg4 29. Qxg4 Qe3 30. Ng3 Rd4 31. Qh5 Bd5 32. Ne2 e4 33. Bb5 Rd2 34. Nf4 Kg7 35. Nxd5 Rxd5 36. Be8 Qa7 37. Bc6 Rd4 38. Qg4+ Kf8 39. Bxe4 Qe7 40. Re1 Qe5 41. Qf3 Bc7 42. g3 h5 43. Re2 Rd1+ 44. Kg2 h4 45. Bc6 Qd4 46. Re8+ Kg7 47. Re4 Qg1+ 48. Kh3 Rd8 49. Rxh4 Be5 50. Bd5 Rd7 51. Bc4 Rd2 52. Rh7+ 1-0

[Event "Biel MTO op 50th"]
[Site "Biel"]
[Date "2017.07.31"]
[Round "7"]
[White "Aravindh, Chithambaram VR"]
[Black "Bellaiche, Antony"]
[Result "1-0"]
[WhiteElo "2593"]
[BlackElo "2463"]
[PlyCount "99"]
[EventDate "2017.07.24"]
[EventType "swiss"]
[EventRounds "9"]
[EventCountry "SUI"]
[SourceTitle "CBM 179 Extra"]
[Source "ChessBase"]
[SourceDate "2017.08.23"]
[SourceVersion "1"]
[SourceVersionDate "2017.08.23"]
[SourceQuality "1"]

1. e4 e5 2. Nf3 Nc6 3. Bb5 a6 4. Ba4 Nf6 5. 0-0 Be7 6. Re1 b5 7. Bb3 d6 8. c3 0-0 9. h3 Na5 10. Bc2 c5 11. d4 Qc7 12. d5 Bd7 13. b3 Nb7 14. c4 b4 15. Nbd2 a5 16. a4 Ne8 17. Nf1 g6 18. g4 Ng7 19. Ng3 f6 20. Nh2 Nd8 21. f4 exf4 22. Bxf4 Nf7 23. Kh1 Ne5 24. Rg1 Kh8 25. Qe2 Rae8 26. Rg2 Qc8 27. Rag1 Rg8 28. Bc1 Bd8 29. Qf2 Be7 30. Nhf1 Ref8 31. Ne3 Bd8 32. Ne2 Be7 33. Nf4 Qd8 34. Bb2 Ne8 35. Rh2 Qc8 36. Qe2 Kg7 37. h4 Kf7 38. g5 Nc7 39. Nf5 Ke8 40. gxf6 Rxf6 41. Nd3 Rgf8 42. Nxe7 Kxe7 43. Nxe5 dxe5 44. Bxe5 Rf3 45. Qg2 Bh3 46. Qg5+ Ke8 47. Bd6 R8f7 48. Qe5+ Kd8 49. Bd1 Rf1 50. Bxc7+ 1-0

[Event "Maccabiah GM-B"]
[Site "Jerusalem"]
[Date "2017.07.14"]
[Round "9"]
[White "Bellaiche, Antony"]
[Black "Mikhalevski, Victor"]
[Result "0-1"]
[WhiteElo "2463"]
[BlackElo "2540"]
[PlyCount "82"]
[EventDate "2017.07.05"]
[EventType "tourn"]
[EventRounds "9"]
[EventCountry "ISR"]
[EventCategory "9"]
[SourceTitle "CBM 179 Extra"]
[Source "ChessBase"]
[SourceDate "2017.08.23"]
[SourceVersion "1"]
[SourceVersionDate "2017.08.23"]
[SourceQuality "1"]

1. d4 Nf6 2. c4 e6 3. Nc3 Bb4 4. e3 0-0 5. Bd3 c5 6. Nf3 d5 7. 0-0 cxd4 8. exd4 dxc4 9. Bxc4 b6 10. Bg5 Bb7 11. Rc1 Bxc3 12. Rxc3 Nc6 13. Re1 Rc8 14. Bd3 Ne7 15. Bxf6 gxf6 16. Ra3 Bxf3 17. Qxf3 Qxd4 18. Rxa7 Ng6 19. Bxg6 hxg6 20. b3 b5 21. Rb7 Rc3 22. Qe2 Rd3 23. Rxb5 Rd2 24. Qf3 Rc8 25. g3 Rc3 26. Qf4 Qxf4 27. gxf4 Rf3 28. a4 Rfxf2 29. Ra1 Rg2+ 30. Kh1 Rxh2+ 31. Kg1 Rdg2+ 32. Kf1 Rg4 33. Ra3 Rxf4+ 34. Kg1 Rff2 35. a5 f5 36. a6 Rhg2+ 37. Kh1 Rh2+ 38. Kg1 Rfg2+ 39. Kf1 Rb2 40. Kg1 Rhg2+ 41. Kh1 Kg7 0-1

[Event "Maccabiah GM-B"]
[Site "Jerusalem"]
[Date "2017.07.13"]
[Round "8"]
[White "Novik, Maxim"]
[Black "Bellaiche, Antony"]
[Result "0-1"]
[WhiteElo "2482"]
[BlackElo "2463"]
[PlyCount "134"]
[EventDate "2017.07.05"]
[EventType "tourn"]
[EventRounds "9"]
[EventCountry "ISR"]
[EventCategory "9"]
[SourceTitle "CBM 179 Extra"]
[Source "ChessBase"]
[SourceDate "2017.08.23"]
[SourceVersion "1"]
[SourceVersionDate "2017.08.23"]
[SourceQuality "1"]

1. d4 d5 2. Bf4 Nf6 3. e3 c5 4. c3 Nc6 5. Nd2 e6 6. Ngf3 Bd6 7. Bg3 0-0 8. Bd3 b6 9. Qe2 Bb7 10. Rd1 Re8 11. Ne5 Qc7 12. f4 Ne7 13. Qf3 Nf5 14. Bf2 Bf8 15. 0-0 Nd6 16. Qh3 Nfe4 17. Nxe4 dxe4 18. Be2 cxd4 19. exd4 f6 20. Ng4 Nf5 21. Be1 Qd7 22. Ne3 Qa4 23. Nxf5 exf5 24. Qxf5 Qxa2 25. Qb5 Rac8 26. Bg3 Qd5 27. Qxd5+ Bxd5 28. f5 a5 29. Bf4 a4 30. Bb5 Bc4 31. Bxe8 Rxe8 32. Rfe1 Bd5 33. Kf2 b5 34. Ra1 Kf7 35. g4 Rc8 36. Rec1 Be7 37. h3 h6 38. h4 Ke8 39. Ke3 Rc4 40. Ke2 Kd7 41. Bd2 Rc8 42. Rg1 Bc4+ 43. Kf2 Kc6 44. g5 fxg5 45. hxg5 Rf8 46. gxh6 Rxf5+ 47. Ke1 Bh4+ 48. Kd1 gxh6 49. Be3 Bg5 50. Rxg5 hxg5 51. Kd2 g4 52. Rg1 Rf1 53. Rxg4 Rb1 54. Rg6+ Kd7 55. d5 Rxb2+ 56. Kc1 Rb3 57. Bc5 Bxd5 58. Bb4 Bc4 59. Kd2 Rb1 60. Ra6 Rh1 61. Rd6+ Kc7 62. Rd4 Ra1 63. Rxe4 a3 64. Kc2 a2 65. Rxc4+ bxc4 66. Kb2 Rb1+ 67. Kxa2 Rb3 0-1

[Event "Maccabiah GM-B"]
[Site "Jerusalem"]
[Date "2017.07.12"]
[Round "7"]
[White "Bellaiche, Antony"]
[Black "Ushenina, Anna"]
[Result "1/2-1/2"]
[WhiteElo "2463"]
[BlackElo "2458"]
[PlyCount "147"]
[EventDate "2017.07.05"]
[EventType "tourn"]
[EventRounds "9"]
[EventCountry "ISR"]
[EventCategory "9"]
[SourceTitle "CBM 179 Extra"]
[Source "ChessBase"]
[SourceDate "2017.08.23"]
[SourceVersion "1"]
[SourceVersionDate "2017.08.23"]
[SourceQuality "1"]

1. d4 d5 2. c4 c6 3. Nc3 Nf6 4. e3 Bf5 5. Nf3 e6 6. Nh4 Be4 7. f3 Bg6 8. g3 Bh5 9. Be2 Be7 10. 0-0 0-0 11. a3 dxc4 12. g4 Nd5 13. Ng2 Bg6 14. Bxc4 Nd7 15. e4 N5b6 16. Ba2 h6 17. f4 Bh7 18. f5 e5 19. d5 Bc5+ 20. Kh1 Kh8 21. Qf3 Qe7 22. dxc6 bxc6 23. Qg3 f6 24. Nh4 Qe8 25. Ne2 Nc8 26. Rd1 Ne7 27. b4 Bb6 28. a4 a5 29. Be6 Rd8 30. bxa5 Nc5 31. Be3 Nxe4 32. Qf3 Bxe3 33. Qxe4 Bf2 34. Nf3 Bg8 35. Kg2 Ba7 36. a6 Nd5 37. Rd3 Bxe6 38. fxe6 Qxe6 39. Nh4 Kg8 40. h3 Ne7 41. Rb1 Rxd3 42. Qxd3 Qd5+ 43. Qxd5+ Nxd5 44. Ng3 Ra8 45. Ngf5 Bb6 46. a5 Bxa5 47. Rb7 Bc7 48. a7 Kf7 49. Ng3 Ke6 50. Ne4 Bb6 51. Nf5 Ne3+ 52. Kf3 Nxf5 53. gxf5+ Kxf5 54. Rxb6 Rxa7 55. Ng3+ Kg5 56. Rxc6 Ra3+ 57. Kg2 Ra4 58. Rc2 h5 59. Re2 g6 60. Ne4+ Kf5 61. Nc5 Rc4 62. Rf2+ Rf4 63. Rd2 g5 64. Rd6 Kg6 65. Ne6 Ra4 66. Rd7 h4 67. Kf3 Ra3+ 68. Ke4 Ra4+ 69. Kf3 Kf5 70. Ng7+ Kg6 71. Ne6 Ra3+ 72. Ke4 Ra4+ 73. Kf3 Ra3+ 74. Ke4 1/2-1/2

[Event "Maccabiah GM-B"]
[Site "Jerusalem"]
[Date "2017.07.11"]
[Round "6"]
[White "Baron, Tal"]
[Black "Bellaiche, Antony"]
[Result "1/2-1/2"]
[WhiteElo "2547"]
[BlackElo "2463"]
[PlyCount "111"]
[EventDate "2017.07.05"]
[EventType "tourn"]
[EventRounds "9"]
[EventCountry "ISR"]
[EventCategory "9"]
[SourceTitle "CBM 179 Extra"]
[Source "ChessBase"]
[SourceDate "2017.08.23"]
[SourceVersion "1"]
[SourceVersionDate "2017.08.23"]
[SourceQuality "1"]

1. e4 e5 2. Nf3 Nc6 3. Bb5 a6 4. Ba4 Nf6 5. 0-0 Be7 6. Re1 b5 7. Bb3 d6 8. c3 0-0 9. d4 Bg4 10. Be3 exd4 11. cxd4 Na5 12. Bc2 Nc4 13. Bc1 c5 14. b3 Nb6 15. Nbd2 Rc8 16. h3 Bh5 17. Bb2 c4 18. bxc4 Nxc4 19. Nxc4 bxc4 20. Bc3 d5 21. e5 Ne4 22. Bxe4 dxe4 23. Rxe4 Qd5 24. Re3 Rb8 25. Qa4 Bg6 26. Rae1 Bf5 27. Nh2 Rb6 28. Nf1 Bh4 29. Ng3 Bd3 30. Qd1 Bg5 31. Qf3 Qd7 32. Rxd3 cxd3 33. Ne4 Be7 34. d5 Bb4 35. Qxd3 Bxc3 36. Nxc3 h6 37. Re3 Re8 38. f4 Rb4 39. f5 Qa7 40. e6 Rd4 41. Qe2 fxe6 42. fxe6 Rc4 43. Kh1 Qc5 44. Qd3 Rd4 45. Qg6 Qe7 46. Rg3 Rf8 47. Qxh6 Rd3 48. Qg6 Rxg3 49. Qxg3 Rf1+ 50. Kh2 Qc5 51. Ne2 Qxd5 52. e7 Kf7 53. e8Q+ Kxe8 54. Qxg7 Qd6+ 55. Ng3 Rf6 56. Qg8+ 1/2-1/2

[Event "London Classic op 8th"]
[Site "London"]
[Date "2016.12.11"]
[Round "4"]
[White "Cordes, Hans Joerg"]
[Black "Bellaiche, Antony"]
[Result "0-1"]
[WhiteElo "2259"]
[BlackElo "2472"]
[PlyCount "54"]
[EventDate "2016.12.09"]
[EventType "swiss"]
[EventRounds "9"]
[EventCountry "ENG"]
[SourceTitle "CBM 176 Extra"]
[Source "ChessBase"]
[SourceDate "2017.03.02"]
[SourceVersion "1"]
[SourceVersionDate "2017.03.02"]
[SourceQuality "1"]

1. d4 d5 2. c4 c6 3. cxd5 cxd5 4. Nc3 Nf6 5. Bf4 Nc6 6. e3 Bg4 7. Qb3 Na5 8. Qa4+ Bd7 9. Qc2 e6 10. Nf3 Be7 11. Bd3 Rc8 12. Ne5 Nc4 13. 0-0 Nh5 14. Nxd7 Qxd7 15. Be5 f6 16. Qe2 g6 17. g4 fxe5 18. gxh5 a6 19. hxg6 hxg6 20. b3 Nb6 21. Rac1 Ba3 22. Bxg6+ Kd8 23. Qg4 Bxc1 24. Rxc1 exd4 25. exd4 Qg7 26. h4 Qh6 27. Re1 Qxh4 0-1